Burning escape / Michelle Sass Aleckson
Available copies
- 2 of 2 copies available at LARL/NWRL Consortium.
- 2 of 2 copies available at Lake Agassiz Regional Library. (Show preferred library)
Current holds
0 current holds with 2 total copies.
Show Only Available Copies
| Location | Call Number / Copy Notes | Barcode | Shelving Location | Status | Due Date |
|---|---|---|---|---|---|
| Ada Public Library | C ALE (Text) | 33500014223390 | New | Available | - |
| Breckenridge Public Library | C ALE (Text) | 33500014223382 | New | Available | - |
Record details
- ISBN: 9781963372984
- ISBN: 1963372980
- Physical Description: 290 pages ; 18 cm
- Publisher: [United States] : Sunrise Publishing, [2025]
- Copyright: ©2025
Content descriptions
| General Note: | "A series created by Susan May Warren & Lisa Phillips"--Cover. Sequel to: Burning rivals / by Voni Harris. |
| Summary, etc.: | She was born to fight fires, but when Tori ... Read More |
Search for related items by subject
| Subject: | Smokejumpers > Fiction. Wildfires > Fiction. Competition (Psychology) > Fiction. Man-woman relationships > Fiction. Alaska > Fiction. |
| Genre: | Thrillers (Fiction) Romance fiction. Christian fiction. |
Search for related items by series
| LDR | 02731cam a2200481 i 4500 | ||
|---|---|---|---|
| 001 | 466037 | ||
| 003 | LARL_NWRL_CONSORTIUM | ||
| 005 | 20250709163312.0 | ||
| 008 | 250508t20252025xxu 000 1 eng d | ||
| 040 | . | ‡aIG# ‡beng ‡erda ‡cIG# ‡dYDX ‡dS#L ‡dOCLCO ‡dIA4 ‡dILC | |
| 020 | . | ‡a9781963372984 ‡q(paperback) | |
| 020 | . | ‡a1963372980 ‡q(paperback) | |
| 035 | . | ‡a(OCoLC)1518845713 | |
| 082 | 0 | 4. | ‡a[Fic] ‡223 |
| 100 | 1 | . | ‡aAleckson, Michelle Sass, ‡eauthor. |
| 245 | 1 | 0. | ‡aBurning escape / ‡cMichelle Sass Aleckson |
| 264 | 1. | ‡a[United States] : ‡bSunrise Publishing, ‡c[2025] | |
| 264 | 4. | ‡c©2025 | |
| 300 | . | ‡a290 pages ; ‡c18 cm | |
| 336 | . | ‡atext ‡btxt ‡2rdacontent | |
| 337 | . | ‡aunmediated ‡bn ‡2rdamedia | |
| 338 | . | ‡avolume ‡bnc ‡2rdacarrier | |
| 490 | 0 | . | ‡aChasing fire: Alaska ; ‡v3 |
| 500 | . | ‡a"A series created by Susan May Warren & Lisa Phillips"--Cover. | |
| 500 | . | ‡aSequel to: Burning rivals / by Voni Harris. | |
| 520 | . | ‡aShe was born to fight fires, but when Tori Mitchell said goodbye to the handsome stranger after their heart-stopping dance on her last night of freedom, she never expected to see Orion Price again--let alone find him vying for her dream job as a smokejumper the next morning. Tori will do anyting to earn her spot on the elite Midnight Sun team, even if it means ignoring the sparks between them. Orion has a family legacy to uphold and this may be his only shot to step out of the shadows of his past mistakes. If Tori thinks he'll back down because of one dance and a kiss, she's wrong. She made it clear they weren't dating or even friends when she blew him off--they were rivals competing for the same job. One he's determined to win. When a raging wildfire and a dangerous militia put them on a collison course, Tori and Orion must confront the darkness within themselves before they can step into the light. | |
| 650 | 0. | ‡aSmokejumpers ‡vFiction. | |
| 650 | 0. | ‡aWildfires ‡vFiction. | |
| 650 | 0. | ‡aCompetition (Psychology) ‡vFiction. | |
| 650 | 0. | ‡aMan-woman relationships ‡vFiction. ‡0(LARL_NWRL_CONSORTIUM)165985 | |
| 651 | 0. | ‡aAlaska ‡vFiction. ‡0(LARL_NWRL_CONSORTIUM)168248 | |
| 655 | 7. | ‡aThrillers (Fiction) ‡2lcgft | |
| 655 | 7. | ‡aRomance fiction. ‡2lcgft | |
| 655 | 7. | ‡aChristian fiction. ‡2lcgft | |
| 700 | 1 | . | ‡aWarren, Susan May, ‡d1966- ‡ecreator. ‡1https://id.oclc.org/worldcat/entity/E39PCjBYtDpgmCV4mdWYwRQ9CP ‡0(LARL_NWRL_CONSORTIUM)189973 |
| 700 | 1 | . | ‡aPhillips, Lisa, ‡ecreator. ‡1https://id.oclc.org/worldcat/entity/E39PCjqVyWpbHXcyxdRyPxGkcP |
| 901 | . | ‡a466037 ‡bOCoLC ‡c466037 ‡tbiblio ‡soclc | |

Add to basket
Permalink
Disable Highlighting